000 00283nam a22001337a 4500
003 SGT
082 _a610.7367
_bM11V
100 _aVERMA, G.K.
245 _aMIDWIFERY CARE BOOK
250 _a1ST
260 _aJALANDHAR , INDIA
_bLOOTUS PUB.
_c2011
300 _a458
942 _2ddc
_cBK
999 _c8188
_d8188